[Event "Bundesliga 1819"]
[Site "Germany"]
[Date "2018.11.25"]
[Round "4.4"]
[White "Rasmussen, Allan Stig"]
[Black "Prusikin, Michael"]
[Result "0-1"]
[WhiteElo "2543"]
[BlackElo "2510"]
[Annotator "Prusikin,M"]
[PlyCount "78"]
[EventDate "2018.11.10"]
[EventType "team-tourn"]
[EventRounds "15"]
[EventCountry "GER"]
[SourceTitle "EXT 2020"]
[Source "ChessBase"]
[SourceDate "2019.10.17"]
[SourceVersion "1"]
[SourceVersionDate "2019.10.17"]
[SourceQuality "1"]
[WhiteTeam "Kiel Turm"]
[BlackTeam "Augsburg"]
[WhiteTeamCountry "GER"]
[BlackTeamCountry "GER"]

1. c4 e6 2. Nc3 d5 3. d4 a6 4. cxd5 exd5 5. Bf4 Nf6 6. e3 Bd6 7. Nge2 (7. Bxd6
Qxd6 8. Bd3 O-O 9. Nge2 Re8 $11) 7... O-O 8. h3 c6 $1 $146 (8... Re8 {war
meine erste Idee, aber dann ist mir aufgefallen, dass im Falle von} 9. g4 c6
10. Bg2 {der Springer das Rückzugsfeld e8 brauchen könnte.}) 9. Qc2 a5 10.
Bxd6 (10. O-O-O Na6 $40) 10... Qxd6 11. Nf4 Re8 12. Be2 Nbd7 13. O-O Nf8 14.
Na4 Ng6 $1 {zwei g-Bauern wird der Nachziehende durchaus brauchen!} 15. Nxg6
hxg6 16. Qc5 Qd8 17. Qb6 Qe7 18. Qc5 Qd8 19. Qb6 Qe7 20. Nc5 $2 {Objektiv war
Zugwiederholung angesagt, aber mein Gegner wurde von seinem Kapitän
angehalten, weiter zu spielen [#]} g5 21. Rfe1 $1 {Prophylaxe gegen g5-g4!} (
21. Rac1 g4 22. hxg4 Bxg4 $1 $40) 21... g6 $1 (21... g4 $6 22. hxg4 Bxg4 23.
Qxb7) (21... Qd6 $5 {Computervorschlag, hatte den Zug naürlich nicht auf dem
Radar. Allerdings ist die Lage danach alles andere, als klar:} 22. Rac1 Rb8 23.
Nd3 g4 24. hxg4 Bxg4 25. Ne5 Bxe2 26. Rxe2 Ne4 27. Qxa5 Re6 $13) 22. Rac1 Kg7 (
22... g4 $5 23. hxg4 Kg7 24. Qb3 Nxg4 25. Bxg4 Bxg4 26. f3 $11) 23. Rc3 $2 (23.
g4 $1 {(von E. Postny vorgeschlagen) hält noch alles zusammen, z.B.} Ne4 24.
Nxe4 Qxe4 25. Qc7 Rh8 26. Qg3 Bd7 27. Bf3 Qe7 28. Bg2 $11) 23... Rh8 (23... g4
$5 $19 {gewinnt ebenfalls, deswegen kostete mich die Wahl zwischen den beiden
Zügen 20 Minuten.} 24. h4 (24. hxg4 Nxg4 25. Bxg4 Bxg4 26. Qxb7 Qh4 $19) 24...
Rh8 25. g3 g5 26. hxg5 Ne4 $19) 24. Bf3 g4 25. hxg4 Nxg4 26. g3 (26. Kf1 Qh4 (
26... Rh1+ 27. Ke2 Nxf2 $19) 27. Rc2 Bf5 28. Rd2 Rae8 29. Qxb7 Qg3 $3 $19)
26... Qf6 27. e4 g5 $1 28. e5 {[#]} Rh1+ $1 {leider nebenlösig, allerdings
habe ich die Alternative nicht gesehen, ein Gewinn reicht ja auch.} (28... Qf5
$19) 29. Kg2 (29. Bxh1 Qxf2#) (29. Kxh1 Qh6+ 30. Kg1 Qh2+ 31. Kf1 Qxf2#) 29...
Rh2+ 30. Kg1 Rh1+ 31. Kg2 Rh2+ 32. Kg1 Qh6 33. Rc2 Bf5 34. Rd2 Rh8 35. Kf1 Qh3+
36. Ke2 Nxf2 37. Bxd5 Bg4+ 38. Bf3 Bxf3+ 39. Kxf3 {[#]} Qxg3+ $1 0-1

[Event "Balatonbereny GM"]
[Site "Balatonbereny"]
[Date "1996.??.??"]
[Round "7"]
[White "Dao, Thien Hai"]
[Black "Stangl, Markus"]
[Result "1/2-1/2"]
[WhiteElo "2560"]
[BlackElo "2565"]
[Annotator "Psakhis,L"]
[PlyCount "60"]
[EventDate "1996.06.13"]
[EventType "tourn"]
[EventRounds "11"]
[EventCountry "HUN"]
[EventCategory "11"]
[SourceTitle "CBM 055"]
[Source "ChessBase"]
[SourceDate "1996.12.01"]
[SourceVersion "1"]
[SourceVersionDate "1996.12.01"]
[SourceQuality "1"]

1. d4 d5 2. c4 e6 3. Nc3 c6 4. Nf3 dxc4 5. a4 Bb4 6. e3 b5 7. Bd2 a5 8. axb5
Bxc3 9. Bxc3 cxb5 10. b3 Bb7 11. d5 (11. bxc4 $5 b4 12. Bb2) 11... Nf6 12. bxc4
b4 13. Bxf6 Qxf6 (13... gxf6 $5) 14. Qa4+ Nd7 15. Nd4 e5 16. Nb3 Ke7 17. Be2 $5
(17. Qb5 $2 Ba6 18. Qxa5 Rhb8 19. d6+ Ke8 20. Nc5 Nxc5 21. Qxc5 e4 22. Rd1 Qc3+
$19 {Shabtai,R-Kaspi,A/Tel Aviv Czerniak-mem/1996/0:1/29/}) 17... Rhc8 (17...
Qd6 {Bykhovsky,Av/} 18. Qb5 $1 (18. Bg4 $2 Nb6 19. c5 Qxd5 20. cxb6 Bc6 $1 21.
Qa2 Qxg2 22. Rf1 Qxg4 $19 {Rogers,I-Krasenkov,M/Hastings/1993/0:1/28/}) (18. f4
Rhc8 19. O-O Nc5 20. Nxc5 Rxc5 21. Rad1 e4 $13 {Shulman,Y-San Segundo,P/
Pamplona/1996/1:0/50/}) 18... Ba6 19. Qc6 Qxc6 20. dxc6 Nb6 21. Rxa5 Bxc4 22.
Bxc4 Nxc4 23. Rc5 Ra3 $10) (17... Rhb8 $5 18. Bg4 Bc8) 18. Bg4 (18. Rd1 $5 $146
Nc5 19. Nxc5 Rxc5 20. O-O $132 {Gelfand,B-Piket,J/Amsterdam/1996/1:0/31/})
18... Qd6 (18... Nb6 19. Bxc8 (19. Qb5 Rxc4 20. Be2 Ba6 21. Qxa5 Bb7 22. Qxa8
Bxa8 23. Bxc4 Qh4 $17) 19... Nxa4 20. Bxb7 Ra7 21. Rxa4 Rxb7 22. Nxa5 $16) 19.
Nxa5 (19. Qxd7+ Qxd7 20. Bxd7 Kxd7 21. Rxa5 (21. Nxa5 Rc5 22. Nb3 Rxa1+ 23.
Nxa1 Rxc4 $17)) 19... Rxa5 $1 20. Qxa5 Ra8 21. Qxa8 Bxa8 22. Rxa8 (22. Bxd7
Bxd5 $1) 22... Qg6 $1 23. Bxd7 (23. d6+ Kf6) 23... Qb1+ 24. Ke2 Qxh1 25. Ra7
Kd6 26. Ba4 e4 (26... Qxg2 $2 27. Ra6+ Kc7 28. d6+ Kb7 29. d7) 27. Rd7+ Kc5 28.
Rc7+ Kd6 (28... Kb6 $2 29. d6 $19) 29. Rd7+ Kc5 30. Rc7+ Kd6 1/2-1/2

[Event "POL-chT 66th"]
[Site "Katowice"]
[Date "2010.09.04"]
[Round "1"]
[White "Leniart, Arkadiusz"]
[Black "Stachowiak, Kamil"]
[Result "1/2-1/2"]
[WhiteElo "2453"]
[BlackElo "2398"]
[Annotator "RR"]
[PlyCount "28"]
[EventDate "2010.09.04"]
[EventType "team-tourn"]
[EventRounds "9"]
[EventCountry "POL"]
[SourceTitle "EXT 2016"]
[Source "ChessBase"]
[SourceDate "2015.10.08"]
[SourceVersion "1"]
[SourceVersionDate "2015.10.08"]
[SourceQuality "1"]
[WhiteTeam "Wroclaw Polonia"]
[BlackTeam "Wroclaw AZS WSB"]
[WhiteTeamCountry "POL"]
[BlackTeamCountry "POL"]

1. d4 d5 2. c4 c6 3. Nf3 e6 4. Nc3 dxc4 5. a4 Bb4 6. g3 Nf6 7. Bg2 c5 (7...
Nbd7 8. O-O O-O 9. Qc2 Qa5 10. Na2 Bd6 11. Qxc4 Nb6 12. Qc2 Qxa4 13. b3 Qa5 14.
Ne5 Nbd7 15. Nc4 Qc7 16. Nxd6 Qxd6 17. Rd1 e5 18. Nc3 exd4 19. Ba3 c5 20. e3 d3
21. Rxd3 Qb8 22. Nd5 Nxd5 23. Rxd5 b6 24. Bb2 a5 25. Ra4 Re8 26. Rg5 g6 27. Bd5
Kf8 28. Rf4 {1-0 (28) Giri,A (2720)-Caruana,F (2781) Wijk aan Zee 2013}) 8. O-O
cxd4 (8... Nc6 9. dxc5 O-O 10. Nd2) 9. Nb5 Nc6 10. Bf4 O-O 11. Nc7 Rb8 12. Nb5
Ra8 13. Nc7 Rb8 14. Nb5 Ra8 1/2-1/2

[Event "POL-chT 66th"]
[Site "Katowice"]
[Date "2010.09.10"]
[Round "7"]
[White "Krasenkow, Michal"]
[Black "Urban, Klaudiusz"]
[Result "1/2-1/2"]
[WhiteElo "2622"]
[BlackElo "2468"]
[Annotator "RR"]
[PlyCount "62"]
[EventDate "2010.09.04"]
[EventType "team-tourn"]
[EventRounds "9"]
[EventCountry "POL"]
[SourceTitle "EXT 2016"]
[Source "ChessBase"]
[SourceDate "2015.10.08"]
[SourceVersion "1"]
[SourceVersionDate "2015.10.08"]
[SourceQuality "1"]
[WhiteTeam "Gorzow Wielkopolski"]
[BlackTeam "Poznan Pocztowiec"]
[WhiteTeamCountry "POL"]
[BlackTeamCountry "POL"]

1. d4 d5 2. c4 e6 3. Nc3 a6 4. cxd5 exd5 5. Nf3 c6 6. Qc2 (6. Bf4 Bd6) 6... Bd6
7. e4 (7. Bg5 Ne7 8. e3 f6 9. Bh4 Bf5 10. Bd3 Bxd3 11. Qxd3 O-O 12. O-O Nd7 13.
Rfe1 f5 14. a3 Qe8 15. Ne2 Nf6 16. Bg3 Ne4 17. Bxd6 Nxd6 18. Nf4 Ng6 19. b3 Rf6
20. Nxg6 Qxg6 21. Ne5 Qh5 22. Qe2 Qxe2 23. Rxe2 f4 24. Rc1 Re8 25. a4 fxe3 26.
fxe3 Nf7 27. Nd3 Rfe6 28. Rce1 a5 29. h3 Nd6 30. Ne5 Nf7 31. Nd3 Nd6 32. Ne5
Nf7 33. Nd3 {1/2-1/2 (33) Radjabov,T (2788)-Morozevich,A (2770) Astana 2012})
7... dxe4 8. Nxe4 Bb4+ 9. Nc3 Be6 $146 (9... Nf6 10. Be3 Be6 11. Bd3 Bd5 12.
Ne5 O-O 13. O-O h6 14. Nxd5 Nxd5 15. Bc4 Nd7 16. Bxd5 Nxe5 17. Bb3 Ng4 18. Qg6
Qh4 19. Bf4 Rad8 20. Rad1 Nf6 21. Be5 Bd6 22. Rde1 Bb4 23. Re3 Qg5 24. Qb1 Ng4
25. f4 Qe7 26. Rg3 Nxe5 27. dxe5 Kh8 28. Qf5 Rd2 29. Qg4 f6 30. e6 f5 31. Qh5
Rxb2 32. Rg6 Rf6 33. Rxf6 Qxf6 34. Rd1 Kh7 35. g3 Rxb3 36. axb3 Qxe6 37. Qf3 b5
38. Qd3 a5 39. g4 {Barsov,A (2538)-Tologontegin,S (2310) Bishkek 2012 1/2-1/2})
10. Bd3 h6 11. O-O Nf6 12. Be3 Nbd7 13. Ne5 $6 (13. Rfd1 $142) 13... Nxe5 14.
dxe5 Ng4 15. Bf4 g5 16. Bg3 h5 $1 17. Bf5 $1 {Un fort coup alors que les Noirs
commençaient à prendre l'initiative à l'aile-roi} Bxf5 18. Qxf5 Nh6 19. Qf3
h4 20. Rad1 Qe7 21. Ne4 hxg3 22. a3 (22. Nf6+ Kf8 23. Qxg3 $44) 22... gxh2+ 23.
Kh1 Ba5 24. Nf6+ Kf8 25. Qe3 Rd8 26. Qxg5 Ng8 $1 27. b4 Bb6 28. f4 Bd4 29. Ne4
Bb6 {Les Noirs se contentent de la nulle mais ils étaient peut-être déjà
en zeitnot} (29... Rd5) 30. Nf6 Bd4 31. Ne4 Bb6 1/2-1/2

[Event "Rohde op 07th"]
[Site "Sautron"]
[Date "2007.11.03"]
[Round "9"]
[White "Vavrak, Peter"]
[Black "Pruess, David"]
[Result "0-1"]
[WhiteElo "2454"]
[BlackElo "2417"]
[Annotator "RR"]
[PlyCount "106"]
[EventDate "2007.10.27"]
[EventType "swiss"]
[EventRounds "9"]
[EventCountry "FRA"]
[SourceTitle "EXT 2008"]
[Source "ChessBase"]
[SourceDate "2007.11.25"]
[SourceVersion "1"]
[SourceVersionDate "2007.11.25"]
[SourceQuality "1"]

1. c4 e6 2. Nc3 d5 3. d4 c6 4. e4 Bb4 5. Bd3 (5. e5) (5. cxd5) 5... dxe4 6.
Bxe4 Nf6 7. Bc2 ({RR} 7. Bf3 c5 8. Nge2 O-O 9. O-O cxd4 10. Qxd4 Qxd4 11. Nxd4
a6 12. Na4 Nbd7 13. Be3 Be7 14. a3 Rb8 15. h3 g6 16. b4 e5 17. Nb3 b6 18. Bc6
Bb7 19. Bxd7 Nxd7 20. Nxb6 Nxb6 21. Bxb6 Bxg2 {Vaisser,A (2573)-Fressinet,L 
(2636)/playchess.com INT 2004/CBM 100 ext/1-0 (49)}) 7... c5 $1 $11 8. a3 Ba5
9. b4 $146 ({RR} 9. Nf3 cxd4 10. Nxd4 a6 11. O-O O-O 12. b4 Bc7 13. Nf3 Nbd7
14. Qe2 h6 15. Bb2 Qe7 16. Rfe1 Re8 17. Rad1 e5 18. Qd3 g6 19. Qd2 Kh7 20. Bc1
Qf8 21. c5 Nb8 22. Nd5 Nxd5 23. Qxd5 Nc6 {Pomes Marcet,J (2380)-Korneev,O 
(2551)/Pamplona 2002/CBM 091 ext/1/2-1/2 (56)}) 9... cxb4 10. axb4 Bxb4 11.
Nge2 Nc6 12. Bb2 e5 $1 13. d5 Na5 {[%csl Rc4]} 14. Bd3 {[%cal Gd1a4,Ga4b4,
Ga4e8]} Bd7 (14... O-O) 15. O-O O-O 16. Na2 Bd6 {[%csl Rc4][%cal Ga8c8]} 17. c5
$8 (17. Ng3 {[%csl Ge4]} Rc8 $17 {[%csl Rc4,Gc5]}) 17... Bxc5 18. Bxe5 Re8 19.
Bg3 b5 $17 20. Nac3 Nc4 21. Bh4 h6 22. Bxc4 bxc4 23. Qd2 Bf5 {[%cal Gf5d3]} 24.
Rfd1 a5 (24... Qd6) 25. Nd4 {[%cal Gd4f5,Gd4c6]} Bg4 (25... Bd3) 26. Rdc1 g5 $2
(26... Rc8) 27. Nc6 Qd6 28. Bg3 Qf8 29. Be5 Nd7 30. Bd4 Bb4 31. Qa2 Bxc3 32.
Rxc3 Be2 33. Rg3 (33. Ra3 $14 {[%csl Ra5]}) 33... Qd6 34. Re1 $6 (34. h4 $142 {
[%cal Gg3g8,Gh4g5]} Qxd5 35. hxg5 hxg5 36. Be3 Qxc6 (36... Rxe3 37. fxe3) 37.
Rxg5+ $40) 34... Qxd5 35. Rxe2 Qxc6 36. h4 Re4 37. Rxe4 Qxe4 38. Qxc4 $13 Ne5
39. Qc3 Ng4 $1 40. Qd3 (40. Rd3) 40... Rc8 41. Bb2 Nxf2 $1 42. Qxe4 $2 (42.
Kxf2 Qxd3 43. Rxd3 Rc2+) 42... Nxe4 $19 43. Re3 Rc4 44. hxg5 hxg5 45. Rd3 Kh7
46. Rd8 Kg6 47. g4 f6 48. Ra8 Rb4 49. Ba3 Ra4 50. Be7 Nc3 51. Kf2 Rf4+ 52. Kg3
a4 53. Kh3 Ne4 {Ce gain dans la dernière ronde permet а l'américain de
réaliser sa seconde norme de GMI.} 0-1

[Event "ESP-chT CECLUB Honor"]
[Site "Melilla"]
[Date "2011.11.23"]
[Round "3"]
[White "Aleksandrov, Aleksej"]
[Black "Negi, Parimarjan"]
[Result "0-1"]
[WhiteElo "2626"]
[BlackElo "2617"]
[Annotator "RR"]
[PlyCount "58"]
[EventDate "2011.11.21"]
[EventType "team-tourn"]
[EventRounds "7"]
[EventCountry "ESP"]
[SourceTitle "CBM 146"]
[Source "ChessBase"]
[SourceDate "2012.01.18"]
[SourceVersion "1"]
[SourceVersionDate "2012.01.18"]
[SourceQuality "1"]
[WhiteTeam "Cajacanarias"]
[BlackTeam "Solvay"]
[WhiteTeamCountry "ESP"]
[BlackTeamCountry "ESP"]

1. d4 d5 2. c4 e6 3. Nc3 Be7 4. cxd5 exd5 5. Bf4 c6 6. Qc2 Nf6 7. e3 Nh5 8. Be5
Nd7 9. Be2 Nxe5 10. dxe5 g6 11. Bxh5 gxh5 12. Nge2 f6 13. exf6 Bxf6 14. Rd1 Qe7
15. e4 d4 16. Nxd4 Qg7 17. Nde2 $6 (17. Nce2 O-O 18. O-O $16) 17... Qxg2 $15
18. Rg1 Qxh2 19. Qb3 Rf8 20. f4 Bg4 21. Rxg4 hxg4 22. Qe6+ Be7 23. Rd7 Qh4+ 24.
Kf1 Rf7 25. Rxb7 Kf8 26. Qxc6 Rd8 27. e5 Rd3 28. Qc8+ Kg7 29. Kg2 Rf3 0-1

[Event "Dortmund SuperGM 36th"]
[Site "Dortmund"]
[Date "2008.07.04"]
[Round "5"]
[White "Van Wely, Loek"]
[Black "Gustafsson, Jan"]
[Result "0-1"]
[WhiteElo "2677"]
[BlackElo "2603"]
[Annotator "RR"]
[PlyCount "36"]
[EventDate "2008.06.28"]
[EventType "tourn"]
[EventRounds "7"]
[EventCountry "GER"]
[EventCategory "18"]
[SourceTitle "CBM 125"]
[Source "ChessBase"]
[SourceDate "2008.07.30"]
[SourceVersion "1"]
[SourceVersionDate "2008.07.30"]
[SourceQuality "1"]

1. c4 e6 2. d4 d5 3. Nc3 c6 4. e4 dxe4 5. Nxe4 Bb4+ 6. Bd2 Qxd4 7. Bxb4 Qxe4+
8. Be2 Na6 9. Ba5 b6 10. Qd6 Bd7 11. O-O-O O-O-O 12. Bc3 f6 13. Bf3 $6 {
This innovation was quite certainly prepared without an engine. Diese Neuerung
war ganz sicher nicht mit einer Engine vorbereitet worden.} ({In Kuzmin's
article on the Slav Gambit (CBM 124) In Kuzmins Artikel über das Slawische
Gambit (CBM 124) wird} 13. Qa3 {is mentioned: erwähnt:} Kb7 14. Bf3 Qf4+ 15.
Rd2 Qc7 $1 16. Ne2 e5 $11) 13... Qxc4 14. Be2 $2 $19 (14. Qa3 Nc7 15. Qxa7 Qa6
{and Black has an extra pawn in the ending. und Schwarz hat einen Mehrbauern
im Endspiel.}) 14... Qxa2 15. Nf3 Nc5 16. Ne5 Ne4 17. Bc4 Qa1+ 18. Kc2 Qa4+ 0-1

[Event "Rohde op 07th"]
[Site "Sautron"]
[Date "2007.10.28"]
[Round "2"]
[White "Potkin, Vladimir"]
[Black "Govciyan, Pavel"]
[Result "1-0"]
[WhiteElo "2612"]
[BlackElo "2417"]
[Annotator "RR"]
[PlyCount "65"]
[EventDate "2007.10.27"]
[EventType "swiss"]
[EventRounds "9"]
[EventCountry "FRA"]
[SourceTitle "EXT 2008"]
[Source "ChessBase"]
[SourceDate "2007.11.25"]
[SourceVersion "1"]
[SourceVersionDate "2007.11.25"]
[SourceQuality "1"]

1. d4 d5 2. c4 e6 3. Nc3 c6 4. e4 Bb4 (4... dxe4 {L'alternative} 5. Nxe4 Bb4+
6. Bd2 Qxd4 {[%cal Gd4e4]} 7. Bxb4 Qxe4+ 8. Be2 Na6 9. Bd6 $14 {[%csl Gd6,Ge2,
Re8] La paire de B doit donner un jeu plus facile aux blancs}) 5. Bd2 dxc4 6.
Bxc4 Qxd4 ({RR} 6... Nf6 7. Qe2 Qxd4 8. Nf3 Qd8 9. O-O Nbd7 10. a3 Be7 11. Rac1
O-O 12. e5 Nd5 13. Rfd1 b6 14. Ne4 Bb7 15. Bd3 c5 16. Neg5 g6 17. Qe4 Re8 18.
Qh4 Nf8 19. Bb5 a6 20. Bxe8 Qxe8 21. Qh6 {San Segundo Carrillo,P (2535)-Shirov,
A (2690)/Madrid 1996/CBM 053/0-1 (58)}) 7. Qe2 ({RR} 7. Qb3 Qb6 8. Nf3 Nd7 9.
O-O Bd6 10. Qd1 Ngf6 11. Rc1 O-O 12. Bb3 a6 13. Bg5 Qc7 14. e5 Nxe5 15. Nxe5
Bxe5 16. f4 Bxc3 17. bxc3 Ne4 18. Bh4 f5 19. Rf3 c5 20. Rh3 Qxf4 21. Rc2 Qc7 {
Argandona Riveiro,I (2396)-Apicella,M (2538)/Fuegen 2006/CBM 115/0-1}) 7... e5
$6 $146 {[%csl Gc8][%cal Gc8g4] semble un peu lent et Nf6 doit être plus précis
} ({RR} 7... b5 8. Bd3 Nd7 9. Nf3 Qb6 10. O-O Bxc3 11. Bxc3 Ngf6 12. a4 b4 13.
a5 Qb8 14. Bd2 e5 15. Rac1 c5 16. Be3 Qc7 17. a6 O-O 18. Nd2 Qc6 19. Rc2 Rd8
20. Rfc1 Qe6 21. Nf3 Qd6 22. h3 {Potkin,V (2546)-Vitiugov,N (2478)/St
Petersburg 2005/CBM 106 ext/0-1}) (7... Nf6 {[%cal Ge8g8]}) 8. Nf3 {[%cal
Gf3e5,Gf3d4] Un coup simple qui pose déjà des gros problèmes aux noirs} Qd6 (
8... Qc5 9. a3 Bxc3 10. Bxc3 f6 11. O-O-O $40) 9. a3 Ba5 10. O-O Bc7 {le début
des noirs est assez lent et la manoeuvre pour garder la paire de B risque de
donner une avance de développement aux blancs} 11. Ng5 $1 {[%csl Rf7] Gagne un
tempo important avec l'attaque "f7" pour jouer f2f4} Nh6 12. f4 $1 $36 {
[%csl Gf1,Rf7]} O-O 13. f5 $16 {[%csl Rd6,Rh6]} Nd7 14. Rad1 $40 {[%csl Rd6]}
b5 15. Ba2 Bb6+ 16. Kh1 a5 17. Ne6 $1 {[%cal Gd2h6,Gd1d6]} fxe6 18. Bxh6 {
[%cal Gd1d6]} Qe7 19. Bxe6+ Kh8 20. Bxd7 (20. Be3) (20. Bxg7+ $2 Qxg7 21. Rf3
Nf6 22. Rg3 Qe7 $17) 20... Bxd7 21. Be3 Bxe3 22. Qxe3 Be8 23. Rd3 {[%cal Gf1d1]
} Bh5 24. Rf2 {[%cal Gf2d2]} Rfd8 25. Rfd2 h6 26. h3 b4 $6 (26... Rxd3 27. Qxd3
b4) 27. Na4 $16 {[%csl Gc5]} bxa3 28. bxa3 Rxd3 29. Rxd3 Rb8 30. Nc5 Rb2 $6 31.
Rd7 $18 Qh4 32. Ne6 Re2 33. Qg3 $1 {[%cal Gd7d8,Ge6f8] La pointe finale mais
Qc5 ou Qa7 était plus efficace. Le français fait confiance а son adversaire en
abandonnant mais il pouvait continuer avec Re1 forcant Kh2 et après l'échange
des Q, la poussée g7g5 évitait le réseau de mat du K noir.} (33. Qc5 {[%cal
Gc5f8]}) 1-0

[Event "Paris FIDE GP"]
[Site "Elancourt"]
[Date "2013.09.22"]
[Round "1"]
[White "Nakamura, Hikaru"]
[Black "Tomashevsky, Evgeny"]
[Result "1/2-1/2"]
[WhiteElo "2772"]
[BlackElo "2706"]
[Annotator "Ramirez Alvarez,A"]
[PlyCount "59"]
[EventDate "2013.09.22"]
[EventType "tourn"]
[EventRounds "11"]
[EventCountry "FRA"]
[EventCategory "20"]
[SourceTitle "CBM 157"]
[Source "ChessBase"]
[SourceDate "2013.11.12"]
[SourceVersion "1"]
[SourceVersionDate "2013.11.12"]
[SourceQuality "1"]
[TimeControl "40/7200:20/3600:900+30"]
[WhiteClock "2:00:00"]
[BlackClock "2:00:00"]

1. d4 {[%emt 0:00:03]} d5 {[%emt 0:00:09]} 2. c4 {[%emt 0:00:05]} e6 {[%emt 0:
00:08]} 3. Nc3 {[%emt 0:00:05]} c6 {[%emt 0:00:06]} 4. e4 {[%emt 0:01:43]} dxe4
{[%emt 0:00:46]} 5. Nxe4 {[%emt 0:00:10]} Bb4+ {[%emt 0:00:18]} 6. Bd2 {
[%emt 0:00:06]} Qxd4 {[%emt 0:00:12]} 7. Bxb4 {[%emt 0:00:05]} Qxe4+ {[%emt 0:
00:09]} 8. Be2 {[%emt 0:01:02]} Na6 {[%emt 0:01:35]} 9. Bc3 {[%emt 0:06:56]} f6
{[%emt 0:16:10]} 10. Qd6 {[%emt 0:22:15] Despite the fact that tis is a very
sharp variation, there are still many lines that are almost completely
unxplored. This one specifically has never been see in high level chess} Nh6 $5
{[%emt 1:00:42] Tomashevsky must have foreseen the upcoming complications
before playing this move.} 11. Bxf6 $5 {[%emt 0:36:45]} (11. O-O-O Nf7 {
[%cal Gf7d6] and white has no time for Bf6} 12. Qg3 $44) 11... gxf6 {[%emt 0:
00:09]} 12. O-O-O {[%emt 0:00:04]} (12. Rd1 $4 Nf7) 12... Qg6 {[%emt 0:00:40]}
(12... Nf7 13. Bh5 {[%csl Re8,Rf7][%cal Gh5e8] and Black gets promptly mated,
so he cannot do this.}) (12... Rg8 13. Bh5+ Rg6 14. Qd8+ Kf7 15. Qh8 {Gives
White a decisive attack. This last move is key in the variation}) 13. Qd8+ {
[%emt 0:00:05]} Kf7 {[%emt 0:00:04]} 14. Qxh8 {[%emt 0:00:06] White now has
more material, but it is also he that comes under a swift attack.} Nb4 {
[%emt 0:00:04][%cal Gg6c2]} 15. Bh5 {[%emt 0:00:10] The only move to stop the
threat of Qc2 mate} Nxa2+ {[%emt 0:00:06]} 16. Kd2 {[%emt 0:00:03]} Qxh5 {
[%emt 0:00:07]} 17. Qxh7+ {[%emt 0:00:02]} Kf8 {[%emt 0:00:07]} 18. Qh8+ {
[%emt 0:00:12]} Kf7 {[%emt 0:00:02]} 19. Qh7+ {[%emt 0:00:37]} Kf8 {[%emt 0:00:
04]} 20. Nf3 {[%emt 0:46:07] White again is down material and his king is on
d2, but he senses he has the opportunity to keep attacking as Black's king is
still weak and Black's pieces are very discoordinated.} e5 {[%emt 0:01:21]} 21.
Ke1 {[%emt 0:00:41]} (21. h3 $5 {This is an absolutely amazing computer move,
though the point is simple. g4 is threatened and Black must react appropiately.
e4 only move} e4 $8 22. Kc2 $1 {The king ends up being better going back to
the kingside, despite e1 being visually a safer position} Be6 $1 (22... Nb4+
23. Kb3 Be6 24. Nd4 $1 Bf7 25. Qh8+ Ng8 26. Qxh5 Bxh5 27. Kxb4 Bxd1 28. Rxd1 {
[%csl Ra8,Gd1,Rg8,Gh3][%cal Gh3h8] and the endgame heavily favors White as his
pieces are much more active and he has a passed pawn on the kingside}) 23. g4
Nb4+ 24. Kc1 Qa5 (24... Qc5 $13 {is probably even better.}) 25. Qxh6+ Ke7 $13 {
And White is again up an exchange, but Black isn't out of the game yet and
anything can happen.}) 21... Bg4 {[%emt 0:14:43]} 22. h3 {[%emt 0:00:06]} e4 {
[%emt 0:00:05]} 23. Nd4 {[%emt 0:00:25]} (23. Qh8+ Ng8 24. hxg4 Qxh8 25. Rxh8
exf3 {is not better for White.}) 23... Re8 {[%emt 0:00:37]} 24. Qh8+ {[%emt 0:
00:37]} Kf7 {[%emt 0:00:28]} 25. Qh7+ {[%emt 0:00:03]} Kf8 {[%emt 0:00:05]} 26.
Ra1 $6 {[%emt 0:00:36]} e3 {[%emt 0:13:54]} (26... Nb4 $5 {would have put
Nakamura's last move to question. Suddenly Black doesn't want to agree to a
perpetual and wants to use his extra material.}) 27. Qh8+ {[%emt 0:00:00]} Kf7
{[%emt 0:00:31]} 28. Qh7+ {[%emt 0:00:01]} Kf8 {[%emt 0:00:06]} 29. Qh8+ {
[%emt 0:00:19]} Kf7 {[%emt 0:00:07]} 30. Qh7+ {[%emt 0:00:02] not a perfect
game, but a very exciting one with possibilities for both sides. A great start
to the Paris Grand Prix!} 1/2-1/2